00421nam a2200121Ia 4500008004100000245013200041260002600173260000900199300000800208650002600216650001200242856004500254170516s9999 xx 000 0 und d aMagnetization transfer imaging reveals geniculocalcarine and striate area degeneration in primary glaucoma: a preliminary study bActa Radiologica Open c2016 a5:9 xRadiologic Technology xRadtech uhttp://journals.sagepub.com/toc/arrb/5/9